| 000 | 00363nam a22001097a 4500 | ||
|---|---|---|---|
| 008 | 230606b xxu||||| |||| 00| 0 eng d | ||
| 082 |
_a341.24921 _bPAN |
||
| 245 |
_aCompendium of the African Union Decisions Relating to the Pan African Parliament 2004-2009 _bPan-African Parliament |
||
| 260 |
_aSouth Africa _bPan-African Parliament |
||
| 300 | _a32p | ||
| 942 |
_2ddc _cBK |
||
| 999 |
_c678 _d678 |
||